| 000 | 00925nam a2200289 i 4500 | ||
|---|---|---|---|
| 001 | bg | ||
| 100 | 1 |
_aGESSING, Ryszard _d(1935- ) |
|
| 245 | 1 | 0 |
_aPodstawy automatyki / _cRyszard Gessing. |
| 250 | _aWyd. 3 zm. | ||
| 260 |
_aGliwice : _bWydaw. PŚ, _c2001. |
||
| 300 |
_a301, [1] s. : _bil. ; _c24 cm. |
||
| 490 | 1 |
_a[Skrypty Uczelniane / Politechnika Śląska], _x0434-0825 ; _v2249 |
|
| 500 | _aWyd. poprz. pt.: Teoria sterowania. | ||
| 504 | _aBibliogr. - Indeks. | ||
| 650 | 9 | _aAutomatyka | |
| 655 | _aPodręczniki akademickie | ||
| 830 | 0 |
_a[Skrypty Uczelniane (Politechnika Śląska]) ; _v2249 |
|
| 015 | _aPB 14409/2001 | ||
| 020 | _a8388000195 | ||
| 040 | _cBPK | ||
| 041 | 0 | _apol | |
| 080 | _a681.5(075.8) | ||
| 920 | _a83-88000-19-5 | ||
| 942 | _cKS | ||
| 008 | s pl f |000 0 pol | ||
| 999 |
_c46828 _d46828 |
||
| 856 |
_uhttp://koha.tu.koszalin.pl/cgi-bin/koha/opac-detail.pl?biblionumber=46828 _yKatalog online BPK |
||